| 000 | 00706nam a2200181Ia 4500 | ||
|---|---|---|---|
| 008 | 151202s9999||||xx |||||||||||||| ||und|| | ||
| 082 | _bPNVM-67219 | ||
| 100 | _aभैरप्पा एस्. एल्. /अनु. कुलकर्णी उमा. | ||
| 245 | _aआवरण. | ||
| 260 | _b"मेहता पब्लिशिंग हाऊस, पुणे." | ||
| 260 | _c67219 | ||
| 300 | _a269 | ||
| 600 | _aभैरप्पा एस्. एल्. /अनु. कुलकर्णी उमा. | ||
| 630 | _aआवरण. | ||
| 700 | _aभैरप्पा एस्. एल्. /अनु. कुलकर्णी उमा. | ||
| 730 | _aआवरण. | ||
| 942 | _cBOOK | ||
| 999 |
_c1333748 _d1333745 |
||